Największe polskie miasta kończące się A-Z - Statystyki

Ogólne statystyki
  • Ten quiz został rozwiązany 88 razy
    35 od ostatniego zresetowania
  • Średni wynik to 11 z 26
Statystyki odpowiedzi
Litera Liczba ludności (w przybliżeniu) Miasto % Poprawnych
A 1,9 mln Warszawa
100%
W 800 tys. Kraków
89%
E 280 tys. Katowice
81%
Ź 660 tys. Łódź
81%
K 490 tys. Gdańsk
78%
Ń 540 tys. Poznań
78%
N 390 tys. Szczecin
74%
Z 330 tys. Bydgoszcz
67%
M 200 tys. Radom
63%
C 190 tys. Sosnowiec
48%
I 120 tys. Gorzów Wielkopolski
44%
P 13 tys. Gołdap
33%
Y 120 tys. Tychy
33%
H 100 tys. Wałbrzych
30%
Ć 60 tys. Zamość
30%
G 110 tys. Elbląg
26%
R 20 tys. Jawor
26%
O 90 tys. Jaworzno
26%
Ą 17 tys. Nakło nad Notecią
19%
L 55 tys. Przemyśl
19%
T 32 tys. Sopot
19%
J 80 tys. Jastrzębie Zdrój
15%
B 1 tys. Jastrząb
11%
D 70 tys. Stargard
11%
Ż 17 tys. Chodzież
4%
Ł 2 tys. Kikół
4%
Nie znaleziono quizów pasujących do podanych kryteriów
Rozkład punktacji
Procent ludzi z każdym wynikiem
Percentyl według liczby udzielonych odpowiedzi
Twoja historia wyników
Nie rozwiązałeś tego quizu od ostatniego zresetowania